DTP made easy : (Record no. 144613)

MARC details
000 -LEADER
fixed length control field 00580nam a22001697a 4500
010 ## - LCCN (DPL NO)
LC control number ENG-120674
020 ## - INTERNATIONAL STANDARD BOOK NUMBER
Terms of availability 150.00
035 ## - SYSTEM CONTROL NUMBER
System control number EN-104206
037 ## - SOURCE OF ACQUISITION
Source of stock number/acquisition DBAD/PUB
082 ## - DEWEY DECIMAL CLASSIFICATION NUMBER
Classification number 686.225
100 ## - MAIN ENTRY--PERSONAL NAME
Personal name K.Kiran Kumar
245 ## - TITLE STATEMENT
Title DTP made easy :
Statement of responsibility, etc by K.Kiran Kumar
Remainder of title a simple book on page maker, photoshop and coraldraw /
260 ## - PUBLICATION, DISTRIBUTION, ETC. (IMPRINT)
Place of publication, distribution, etc Hyderabad
Name of publisher, distributor, etc Sai Laasya Publications
Date of publication, distribution, etc 2013
270 ## - ADDRESS
Address Flot No. 102, Divya Sai Apartments, H.No. 1-9-285/9/1, Vidhya Nagar,
City Hyderabad
Postal code 500044
300 ## - PHYSICAL DESCRIPTION
Extent 234p. :
Other physical details 25cm(pbk).
Dimensions ill.
942 ## - ADDED ENTRY ELEMENTS (KOHA)
Source of classification or shelving scheme Dewey Decimal Classification
Item type English Books
Classification part 686.225
Call number suffix KIR
Holdings
Withdrawn status Lost status Not for loan Collection code Home library Current library Date acquired Source of acquisition Cost, normal purchase price Full call number Barcode Copy number Cost, replacement price Koha item type
    Not For Loan Non-fiction D.B.Act.Division D.B.Act.Division 14/09/2017 DBAD/PUB 150.00 686.225 KIR EN-104206 1 150.00 English Books

© Delhi Public Library
Hit Counter
free hit counter